000 004240000a22001690004500
003 LK-CoMWRAF
008 230817t ||||| |||| 00| 0 eng d
040 _aLK-CoMWRAF
_dLK-CoMWRAF
_eLK-CoMWRAF
041 _aeng
082 _a026
_bILA
100 _aIlankeeran
245 _aEelaththu Mutpokku Ilakkiyamum Iyakkamum
_b
260 _aColombo
_bWriters Co-operative
_c1994
300 _ap.160
650 _aTamil
942 _cBK
999 _c495
_d495